Blaue Dinge - Statistiken

Allgemein
  • Dieses Quiz wurde 279 mal gespielt
  • Das Durchschnittsergebnis liegt bei 12 aus 16
Antwortstatistiken
Hinweis Antwort % Korrekt
Das größte lebende Säugetier Der Blau wal
95%
Wenn Schule gerade garnicht geht, einfach... blau machen
94%
Typische Boxerverletzung Ein blaues Auge
93%
Arbeitskleidung für Handwerker Der Blau mann
92%
Spinnt das Seemannsgarn Cäpt'n Blau bär
89%
AUA, zum glück nur Ein blauer Fleck
89%
Nur für Polizei, Feuerwehr und Rettungwagen Das Blau licht
88%
Eine negative Überraschung, wenn du es erlebst Das blaue Wunder
88%
Unsere Heimat Der blaue Planet
86%
Angeblich den Adligen vorenthalten Das blaue Blut
72%
Die UN-Friedenstruppe Die Blau helme
65%
Für den altmodischen Durchdruck Die Blau pause
65%
Ein lebhafter Singvogel Die Blau meise
55%
Für den Muffinteig Die Blau beeren
53%
Eine Kapsel für den schnellen abgang Die Blau säure
27%
Manchmal kann man nur Raten Ins Blaue schießen
13%
Keine übereinstimmenden Quizze gefunden
Verteilung der Resultate
Anzahl Personen mit jedem Resultat
Perzentil nach korrekt beantworteten Fragen
Ihre Resultats-Entwicklung
Sie haben dieses Quiz noch nicht gespielt